Statistics for 30 biggest cities in Asia with a map!

Click here to take the quiz!

General Stats

  • This quiz has been taken 70 times
    (39 since last reset)
  • The average score is 28 of 30

Answers on the Map

Answers color-coded by a green-red scale on the quiz's map according to % correct below.
 

Answer Stats

PopulationCity% Correct
31,300,000Delhi
100%
32,100,000Jakarta
100%
25,600,000Mumbai
100%
34,100,000Shanghai
100%
9,150,000Taipei
100%
15,500,000Tehran
100%
40,500,000Tokyo
100%
19,400,000Bangkok
97%
20,300,000Beijing
97%
12,700,000Bengaluru
97%
20,200,000Dhaka
97%
47,600,000Guangzhou
97%
16,200,000Istanbul
97%
9,150,000Kuala Lumpur
97%
26,300,000Manila
97%
17,700,000Osaka
97%
25,000,000Seoul
97%
11,600,000Chennai
93%
10,600,000Ho Chi Minh City
93%
17,400,000Kolkata
93%
18,200,000Karachi
90%
13,500,000Lahore
90%
10,500,000Nagoya
90%
10,000,000Chengdu
87%
10,400,000Hyderabad
87%
13,200,000Tianjin
87%
9,250,000Wuhan
87%
8,750,000Ahmedabad
83%
10,200,000Xiamen
77%
8,600,000Hangzhou
67%

Score Distribution

Percentile by Number Answered

Percent of People with Each Score

Your Score History

You have not taken this quiz since the last reset